NLSUI OPAC header image

Threats of force : International law and strategy (Record no. 32599)

MARC details
000 -LEADER
fixed length control field 00932nam a2200217Ia 4500
003 - CONTROL NUMBER IDENTIFIER
control field OSt
005 - DATE AND TIME OF LATEST TRANSACTION
control field 20210531201221.0
008 - FIXED-LENGTH DATA ELEMENTS--GENERAL INFORMATION
fixed length control field 160316s2013 xxu||||| |||| 00| 0 eng d
020 ## - INTERNATIONAL STANDARD BOOK NUMBER
International Standard Book Number 9780415609852
040 ## - CATALOGING SOURCE
Transcribing agency n
082 ## - DEWEY DECIMAL CLASSIFICATION NUMBER
Classification number 341.500000
Item number GRI
100 ## - MAIN ENTRY--PERSONAL NAME
Personal name Grimal Francis
245 ## - TITLE STATEMENT
Title Threats of force : International law and strategy
260 ## - PUBLICATION, DISTRIBUTION, ETC.
Place of publication, distribution, etc. London
Name of publisher, distributor, etc. Routledge
Date of publication, distribution, etc. 2013
300 ## - PHYSICAL DESCRIPTION
Extent 216p
Dimensions xix
365 ## - TRADE PRICE
Price amount Rs. 7,456
505 ## - FORMATTED CONTENTS NOTE
Formatted contents note Table of contents<br/>Introduction;<br/>1. Historical Analysis;<br/>2. International Instruments Post-Charter;<br/>3. Judicial Interpretation;<br/>4. UN Practice;<br/>5. Threat Theory;<br/>6. Iran and North Korea;<br/>7. An Alternative Means of Prohibiting Threats of Force within Article 2(4);<br/>8. Conclusion
650 ## - SUBJECT ADDED ENTRY--TOPICAL TERM
Topical term or geographic name entry element 1. United Nations Charter2. Ultimatums - International Relations3. Aggression - International Law4. Pacific Settlement Of International Disputes
700 ## - ADDED ENTRY--PERSONAL NAME
Personal name
--
942 ## - ADDED ENTRY ELEMENTS (KOHA)
Source of classification or shelving scheme Dewey Decimal Classification
Koha item type BOOKs
Holdings
Withdrawn status Lost status Damaged status Not for loan Home library Current library Shelving location Date acquired Cost, normal purchase price Total Checkouts Full call number Barcode Date last seen Price effective from Koha item type
        . .   30.05.2017 7456.00   341.5 GRI 29514 30.05.2017 30.05.2017 BOOKs